000 00798nam a2200265 i 4500
001 6814
003 ES-MaACL
005 20260423180005.0
007 t|
008 900604s1990 sp ||||1| spa d
020 _a84-406-1121-8
080 _a891.691-34"19"
080 _a891.691(Atxaga,B.7 O.03=6)
100 1 _aAtxaga, Bernardo,
_d1951-
_9243020
245 1 0 _aObabakoak /
_cBernardo Atxaga ; prologo de Ibon Sarasola.
250 _a3a reimp.
260 _aBarcelona :
_bEdiciones B,
_c1990.
300 _a379 p. ;
_c22 cm.
490 1 _aTiempos modernos
500 _aBernardo Atxaga es seud. de Joseba Irazu.
700 1 _aSarasola, Ibon.
_9103768
830 0 _aTiempos modernos
_9178583
852 _aES-MaACL
_jL-14044
_bR.117965
_z. - rust.
999 _c6814
_d6814